Normal view MARC view
  • Supervisor Prof. Dr. Muhammad Usman Akram Co-Supervisor Dr. Sajid Gul Khawaja

Entry Corporate Name

Number of records used in: 1

001 - CONTROL NUMBER

  • control field: 106780

003 - CONTROL NUMBER IDENTIFIER

  • control field: NUST

005 - DATE AND TIME OF LATEST TRANSACTION

  • control field: 20230107123313.0

008 - FIXED-LENGTH DATA ELEMENTS

  • fixed length control field: 230107|| aca||aabn | a|a d

040 ## - CATALOGING SOURCE

  • Original cataloging agency: NUST
  • Transcribing agency: NUST

110 ## - HEADING--CORPORATE NAME

  • Corporate name or jurisdiction name as entry element: Supervisor Prof. Dr. Muhammad Usman Akram Co-Supervisor Dr. Sajid Gul Khawaja

670 ## - SOURCE DATA FOUND

  • Source citation: Work cat.: (NUST): Mashood Mohammad Mohsan 106779, TH-SOF-2116-Radiology Report Generation X-ray Images using Transformersfor Chest, 2022.
© 2023 Central Library, National University of Sciences and Technology. All Rights Reserved.